Quantum mechanics: non-relativistic theory
Uloženo v:
| Hlavní autor: | |
|---|---|
| Další autoři: | |
| Médium: | Kniha |
| Jazyk: | angličtina |
| Vydáno: |
Oxford
Pergamon
1977
|
| Vydání: | 3a. ed |
| Edice: | Course of Theoretical Physics, 3
|
| Témata: | |
| Tagy: |
Přidat tag
Žádné tagy, Buďte první, kdo vytvoří štítek k tomuto záznamu!
|
MARC
| LEADER | 00000nam a2200000 a 4500 | ||
|---|---|---|---|
| 001 | UCU3665 | ||
| 003 | CL-VaPUC | ||
| 008 | 960510e19770000UK |||||||||||||||||eng|d | ||
| 082 | 0 | 4 | |a 530.12 |b LAN |2 21 |
| 100 | |a Landau, Lev Davidovich |e author |9 579218 | ||
| 700 | |a Lifshitz, Eugenii Mikhailovich |e autor |9 561317 | ||
| 245 | 1 | 0 | |a Quantum mechanics: non-relativistic theory |
| 250 | |a 3a. ed | ||
| 300 | |a 373 p | ||
| 942 | |c BK | ||
| 945 | |d 19960510 00:00:00 |a paguirre | ||
| 260 | |a Oxford |b Pergamon |c 1977 | ||
| 650 | 0 | |a Teoría cuántica |9 266148 | |
| 650 | 0 | |a Física teórica |9 345827 | |
| 650 | 0 | |a Átomos |9 259583 | |
| 650 | 7 | |a PROPIEDADES ATOMICAS |2 CL-VaPUC |9 360510 | |
| 583 | |a last modification |c 19960510 00:00:00 |k Rodrigo Vera | ||
| 490 | 0 | |a Course of Theoretical Physics, 3 | |
| 999 | |c 247596 |d 247594 | ||
| 952 | |0 0 |1 0 |4 0 |6 530_120000000000000_LAN_1977 |7 0 |8 A |9 263610 |a BIBING |b BIBING |d 2019-11-19 |i 1656899 |o 530.12 LAN 1977 |p 1656899 |r 2025-01-20 |w 2019-11-19 |y BK |k EIE | ||